Headache
Enregistré dans:
| Format: | Livre |
|---|---|
| Langue: | Undetermined |
| Publié: |
New Jersey
Sandoz
1973
|
| Sujets: | |
| Tags: |
Ajouter un tag
Pas de tags, Soyez le premier à ajouter un tag!
|
| Thư viện lưu trữ: | Trung tâm Học liệu Trường Đại học Cần Thơ |
|---|
| LEADER | 00401nam a2200157Ia 4500 | ||
|---|---|---|---|
| 001 | CTU_14347 | ||
| 008 | 210402s9999 xx 000 0 und d | ||
| 082 | |a 616.072 | ||
| 082 | |b H433 | ||
| 245 | 0 | |a Headache | |
| 260 | |a New Jersey | ||
| 260 | |b Sandoz | ||
| 260 | |c 1973 | ||
| 650 | |a headache | ||
| 904 | |i Nguyễn Quang Điền, 970103 | ||
| 980 | |a Trung tâm Học liệu Trường Đại học Cần Thơ | ||